Sehenswürdigkeiten aller Landkreise und kreisfreien Städte NRWs - Statistiken

Allgemein
  • Dieses Quiz wurde 65 mal gespielt
  • Das Durchschnittsergebnis liegt bei 16 aus 53
Antwortstatistiken
Bildquiz Hint Antwort % Korrekt
Köln Kölner Dom
91%
Wuppertal Schwebebahn
84%
Dortmund Westfalenstadion
84%
Gelsenkirchen Arena auf Schalke
81%
Leverkusen Bayer-Kreuz
81%
Aachen Aachener Dom
74%
Oberhausen Gasometer
62%
Herne Cranger Kirmes
60%
Hochsauerlandkreis St Georgs-Schanze
60%
Lippe Externsteine
55%
Düsseldorf Landtag
48%
Paderborn Paderborner Dom
48%
Essen Villa Hügel
48%
Wesel Archäologischer Park Xanten
45%
Minden-Lübbecke Kaiser-Wilhelm-Denkmal (Porta Westfalica)
40%
Münster Prinzipalmarkt
36%
Bottrop Movie Park
34%
Remscheid Müngstener Brücke
34%
Bielefeld Sparrenburg
34%
Bonn Villa Hammerschmidt
33%
Heinsberg Tagebau Garzweiler
31%
Kleve Wunderland Kalkar
31%
Duisburg Landschaftspark
29%
Bochum Bergbaumuseum
24%
Coesfeld Schloss Nordkirchen
22%
Olpe Atta-Höhle
21%
Krefeld Burg Linn
19%
Höxter Corvey
19%
Hamm Glaselefant
19%
Solingen Klingenmuseum
19%
Herford Marta
19%
Märkischer Kreis Burg Altena
17%
Mettmann Mariendom
17%
Rhein-Sieg-Kreis Petersberg
17%
Hagen Hohenlimburg
14%
Unna Lindenbrauerei
14%
Soest Allerheiligenkirmes
12%
Siegen-Wittgenstein Oberes Schloss
10%
Recklinghausen Schiffshebewerg Henrichenburg
10%
Oberbergischer Kreis Schwalbe-Arena
10%
Rheinisch-Bergischer-Kreis Bensberger Rathaus
7%
Euskirchen Radioteleskop Effelsberg
7%
Rhein-Erft-Kreis Schloss Augustburg
7%
Düren Burg Nideggen
5%
Steinfurt Burgsteinfurt
5%
Borken Rock'n'Popmuseum
5%
Viersen Skulpturensammlung Viersen
5%
Ennepe-Ruhr-Kreis Burg Blankenstein
3%
Warendorf Hengstparade
3%
Mülheim (Ruhr) Kunstmuseum
3%
Rheinkreis Neuss Quirinus-Münster
3%
Gütersloh Schloss Holte
2%
Mönchengladbach St Vitus-Münster
2%
Keine übereinstimmenden Quizze gefunden
Verteilung der Resultate
Anzahl Personen mit jedem Resultat
Perzentil nach korrekt beantworteten Fragen
Ihre Resultats-Entwicklung
Sie haben dieses Quiz noch nicht gespielt